Fr. Conceicao Rodrigues College of Engineering

Embedded systems:Architecture (Record no. 30265)

MARC details
000 -LEADER
fixed length control field 00358nam a2200169Ia 4500
082 ## - DEWEY DECIMAL CLASSIFICATION NUMBER
Classification number 3.3
Item number RAJ
100 ## - MAIN ENTRY--PERSONAL NAME
Personal name Raj Kamal
250 ## - EDITION STATEMENT
Edition statement 3
245 ## - TITLE STATEMENT
Title Embedded systems:Architecture
260 ## - PUBLICATION, DISTRIBUTION, ETC.
Name of publisher, distributor, etc. Mc Graw Hill
Date of publication, distribution, etc. 2015
366 ## - TRADE AVAILABILITY INFORMATION
Publishers's discount category 25
300 ## - PHYSICAL DESCRIPTION
Extent 591
546 ## - LANGUAGE NOTE
Language note ENGLISH
-- Computers
650 ## - SUBJECT ADDED ENTRY--TOPICAL TERM
Topical term or geographic name entry element Embedded systems
654 ## - SUBJECT ADDED ENTRY--FACETED TOPICAL TERMS
Focus term embedded
942 ## - ADDED ENTRY ELEMENTS (KOHA)
Koha item type BOOK
Holdings
Withdrawn status Lost status Damaged status Not for loan Collection Home library Current library Shelving location Date acquired Source of acquisition Cost, normal purchase price Inventory number Total Checkouts Full call number Barcode Date last seen Cost, replacement price Price effective from Koha item type Date last checked out
        CRC Fr. Agnel's C.Rodrigues College of Engineering AGNEL TECHNICAL COLLEGE LIBRARY   17/03/2023 Allied Publishers 498.75 249 dt25.5.2016   3.3 RAJ 24220 11/07/2023 665.00   BOOK  
        CRC Fr. Agnel's C.Rodrigues College of Engineering Fr. Agnel's C.Rodrigues College of Engineering   17/03/2023 Allied Publishers 498.75 249 dt25.5.2016   3.3 RAJ 24216 17/03/2023 665.00   BOOK  
        CRC Fr. Agnel's C.Rodrigues College of Engineering Fr. Agnel's C.Rodrigues College of Engineering   17/03/2023 Allied Publishers 498.75 249 dt25.5.2016 1 3.3 RAJ 24217 07/02/2024 665.00   BOOK 15/01/2024
        CRC Fr. Agnel's C.Rodrigues College of Engineering Fr. Agnel's C.Rodrigues College of Engineering   17/03/2023 Allied Publishers 498.75 249 dt25.5.2016 2 3.3 RAJ 24218 31/01/2024 665.00   BOOK 16/01/2024
        CRC Fr. Agnel's C.Rodrigues College of Engineering Fr. Agnel's C.Rodrigues College of Engineering   17/03/2023 Allied Publishers 498.75 249 dt25.5.2016 1 3.3 RAJ 24219 26/03/2024 665.00   BOOK 26/03/2024